书目信息 |
| 题名: |
建设法规与职业道德
|
|
| 作者: | 徐云博 , ,李林 主编 | |
| 分册: | ||
| 出版信息: | 北京 中国电力出版社 2013.01 |
|
| 页数: | 283页 | |
| 开本: | 26cm | |
| 丛书名: | ||
| 单 册: | ||
| 中图分类: | D922.297 , F407.961.5 | |
| 科图分类: | ||
| 主题词: | 建筑法--jian zhu fa--中国 , 建筑业--jian zhu ye--职业道德 | |
| 电子资源: | ||
| ISBN: | 978-7-5123-3579-0 | |
| 000 | 01134nam0 2200301 450 | |
| 001 | 0100006020 | |
| 005 | 20131227153009.92 | |
| 010 | @a978-7-5123-3579-0@dCNY60.00 | |
| 100 | @a20130412d2013 em y0chiy50 ea | |
| 101 | 0 | @achi |
| 102 | @aCN@b110000 | |
| 105 | @ay a 000yy | |
| 200 | 1 | @a建设法规与职业道德@Ajian she fa gui yu zhi ye dao de@f徐云博, 李林主编@Fxu yun bo , li lin zhu bian |
| 210 | @a北京@c中国电力出版社@d2013.01 | |
| 215 | @a283页@d26cm | |
| 320 | @a有书目 (第283页) | |
| 330 | @a本书共分8章, 内容包括《建筑法》及相关制度 ; 建设安全生产管理 ; 建设工程质量法律制度 ; 劳动法与劳动合同法 ; 建设工程环保、节能、文保制度 ; 建筑施工现场专业人员职业道德概述 ; 建筑与市政工程施工现场专业人员职业道德规范 ; 职业道德修养。 | |
| 540 | @a建设法规与职业道德 | |
| 606 | 0 | @a建筑法@Ajian zhu fa@y中国 |
| 606 | 0 | @a建筑业@Ajian zhu ye@x职业道德 |
| 690 | @aD922.297@v5 | |
| 690 | @aF407.961.5@v5 | |
| 701 | 0 | @a徐云博@Axu yun bo@4主编 |
| 701 | 1 | @a,李林@A, li lin@4主编 |
| 801 | @aCN@bDYGS@c20110510 | |
| 901 | @a2013 | |
| 905 | @eX830@dD922.297@b0848032-4@f3 | |
| 962 | @aA9787512335790#20130417153811515 | |
| 建设法规与职业道德/徐云博, 李林主编.-北京:中国电力出版社,2013.01 |
| 283页;26cm |
| ISBN 978-7-5123-3579-0:CNY60.00 |
| 本书共分8章, 内容包括《建筑法》及相关制度 ; 建设安全生产管理 ; 建设工程质量法律制度 ; 劳动法与劳动合同法 ; 建设工程环保、节能、文保制度 ; 建筑施工现场专业人员职业道德概述 ; 建筑与市政工程施工现场专业人员职业道德规范 ; 职业道德修养。 |
| ● |
| 相关链接 |
|
|
|
正题名:建设法规与职业道德
索取号:D922.297/X830
 
预约/预借
| 序号 | 登录号 | 条形码 | 馆藏地/架位号 | 状态 | 备注 |
| 1 | 0848032 | 208480320 | 社科库509/509社科库 88排7列1层/ [索取号:D922.297/X830] | 在馆 | |
| 2 | 0848033 | 208480339 | 社科库509/509社科库 88排7列1层/ [索取号:D922.297/X830] | 在馆 | |
| 3 | 0848034 | 208480348 | 社科库509/509社科库 88排7列1层/ [索取号:D922.297/X830] | 在馆 | |
| 4 | 492500 | 204925000 | 社科库509/509社科库 88排7列1层/ [索取号:D922.297/X830] | 在馆 |